Everyday life in Babylonia & Assyria

محفوظ في:

المؤلف الرئيسي: H. W. F. Saggs

مؤلفون آخرون: Helen Nixon Fairfield

التنسيق: كتاب

اللغة: Undetermined

منشور في: London, New York, B.T. Batsford ; Putnam 1965

الوسوم: إضافة وسم

لا توجد وسوم, كن أول من يضع وسما على هذه التسجيلة!

رقم الطلب: (X) DS70.7 .S26

LEADER 00548nam a2200157Ia 4500
008 221124s9999||||xx |||||||||||||| ||und||
050 4 |a (X) DS70.7 .S26 
100 1 |a H. W. F. Saggs 
245 1 0 |a  Everyday life in Babylonia & Assyria 
264 1 |a London, New York,  |b B.T. Batsford ; Putnam  |c 1965 
300 |a 207.P  |c 23CM 
504 |a Bibliography p. 199-200 
700 1 |a Helen Nixon Fairfield 
942 |2 lcc  |c BK 
952 |0 0  |1 0  |2 lcc  |4 0  |7 1  |9 44028  |a ARCE  |b ARCE  |d 2022-11-24  |l 0  |o (X) DS70.7 .S26  |p 1023650  |r 2022-11-24 00:00:00  |w 2022-11-24  |y BK 
999 |c 50485  |d 50485